Enciclopedia preescolar : (Registro nro. 7254)

Detalles MARC
000 -LEADER
fixed length control field 01501nam a2200337 4500
001 - CONTROL NUMBER
control field 0000024372
005 - DATE AND TIME OF LATEST TRANSACTION
control field 20250329172016.0
007 - PHYSICAL DESCRIPTION FIXED FIELD--GENERAL INFORMATION
fixed length control field ta
008 - FIXED-LENGTH DATA ELEMENTS--GENERAL INFORMATION
fixed length control field 160628s1987 000 0 eng d
020 ## - INTERNATIONAL STANDARD BOOK NUMBER
International Standard Book Number 8475390412
040 ## - CATALOGING SOURCE
Original cataloging agency CO-CtgCURN
Language of cataloging spa
Transcribing agency coctgcurn
082 0# - DEWEY DECIMAL CLASSIFICATION NUMBER
Classification number R372.2103
Item number E52t
245 00 - TITLE STATEMENT
Title Enciclopedia preescolar :
Remainder of title jugar y aprender /
Statement of responsibility, etc. traducción Ana Bermejo; dirección editorial Miguel Azaola.
260 #1 - PUBLICATION, DISTRIBUTION, ETC.
Place of publication, distribution, etc. Bilbao : :
Name of publisher, distributor, etc. Asuri de Ediciones,,
Date of publication, distribution, etc. 1987.
300 ## - PHYSICAL DESCRIPTION
Extent 6 v. :
Other physical details illsutrado fotografias.
505 8# - FORMATTED CONTENTS NOTE
Formatted contents note v.1: La salud y los alimentos.-- v.2: El tiempo que pasa.-- v.3: El transporte y la comunicacion.-- v.4: El trabajo y el recreo.-- v.5: La naturaleza.-- v.6: La ciudad y el mundo
650 14 - SUBJECT ADDED ENTRY--TOPICAL TERM
Topical term or geographic name entry element Transporte
General subdivision Dicciónarios, enciclopedias, etc.
650 14 - SUBJECT ADDED ENTRY--TOPICAL TERM
Topical term or geographic name entry element Trabajo
Form subdivision Dicciónarios, enciclopedias, etc.
650 14 - SUBJECT ADDED ENTRY--TOPICAL TERM
Topical term or geographic name entry element Recreacion
Form subdivision Dicciónarios, enciclopedias, etc.
650 14 - SUBJECT ADDED ENTRY--TOPICAL TERM
Topical term or geographic name entry element Naturaleza
Form subdivision Dicciónarios, enciclopedias, etc.
700 1# - ADDED ENTRY--PERSONAL NAME
Personal name Azaola, Miguel,
Relator term Editor.
700 1# - ADDED ENTRY--PERSONAL NAME
Personal name Bermejo Baro, Ana,
Relator term Traductor.
908 ## - PUT COMMAND PARAMETER (RLIN)
Put command parameter 160627
942 ## - ADDED ENTRY ELEMENTS (KOHA)
Koha item type Diccionarios
Classification part R372.2103
Item part E52t
Existencias
Withdrawn status Lost status Source of classification or shelving scheme Damaged status Not for loan Collection Home library Current library Shelving location Date acquired Inventory number Total checkouts Full call number Barcode Date last seen Copy number Price effective from Koha item type Public note
    Dewey Decimal Classification     Referencia Miguel Henríquez Castañeda Miguel Henríquez Castañeda   06/22/2017 000423   R372.2103 E52t 000423 03/29/2025 v.1 03/29/2025 Diccionarios 370-EDUCAC
    Dewey Decimal Classification     Referencia Miguel Henríquez Castañeda Miguel Henríquez Castañeda   06/22/2017 000426   R372.2103 E52t 000426 03/29/2025 v.2 03/29/2025 Diccionarios 370-EDUCAC
    Dewey Decimal Classification     Referencia Miguel Henríquez Castañeda Miguel Henríquez Castañeda   06/22/2017 000427   R372.2103 E52t 000427 03/29/2025 v.3 03/29/2025 Diccionarios 370-EDUCAC
    Dewey Decimal Classification     Referencia Miguel Henríquez Castañeda Miguel Henríquez Castañeda   06/22/2017 000424   R372.2103 E52t 000424 03/29/2025 v.4 03/29/2025 Diccionarios 370-EDUCAC
    Dewey Decimal Classification     Referencia Miguel Henríquez Castañeda Miguel Henríquez Castañeda   06/22/2017 000425   R372.2103 E52t 000425 03/29/2025 v.5 03/29/2025 Diccionarios 370-EDUCAC
    Dewey Decimal Classification     Referencia Miguel Henríquez Castañeda Miguel Henríquez Castañeda   06/22/2017 000428   R372.2103 E52t 000428 03/29/2025 v.6 03/29/2025 Diccionarios 370-EDUCAC